| 000 | 00592nam a2200193 a 4500 | ||
|---|---|---|---|
| 005 | 20210223125246.0 | ||
| 008 | 040128s2000 mx r 000 0 spa d | ||
| 020 | _a9706252436 | ||
| 035 | _aUPN01000131593 | ||
| 049 | _aCG | ||
| 050 | 4 |
_aHD62.25 _bS3.2 |
|
| 100 | 1 | _aSaldaña Rodríguez, Mauricio | |
| 245 | 1 | 0 |
_aAdministración de la empresa familiar : _bcinco errores críticos y como evitarlos / _cMauricio Saldaña Rodríguez. |
| 260 |
_aMéxico : _bIberoamérica, _cc2000. |
||
| 300 | _a156 p. | ||
| 440 | 0 | _aAlta gerencia | |
| 650 | 4 |
_aEMPRESAS FAMILIARES _918002 |
|
| 905 | _aLibro | ||
| 999 |
_c103748 _d103748 |
||